00973nam a2200301Ia 4500003001000000005001700010007000300027008004100030040002800071041000800099082001400107100003000121245004400151250001800195300001800213336002700231337003300258338002800291504002700319600001800346650002800364650004200392650002800434700003600462942002500498999001700523952013100540CO-BoRNBP20241016163241.0ta130821s2007 ck gr spa  aCo-BoUCMbspacCo-BoUCM00aspa04a272.92201 aWurmbrand, Richard94313400aTorturado por cristo Richard Wurmbrand a1a. edición a143 páginas 2rdacontentatextobtxt 2rdamediaasin mediaciónbn 2rdacarrieravolumenbnc aIncluye bibliografía 7aSantos94313504aMártires2LEMB94313604aPersecuciones religiosas2LEMB94313704aTeología2LEMB9431381 aMorris, Carlos A.etrad.943139 cBKa42ddch272.9n1 c38468d38468 00102ddc40708GENaMEGUAMALbMEGUAMALcGENd2024-10-16l0o272.9 W87tpGUA004295r2024-10-16 16:35:36tEj.1w2024-10-16yBK